अर्थवेद का काव्यःअर्थवेद के चुने हुए सूक्तों का अनुवाद (Record no. 7648)

MARC details
000 -LEADER
fixed length control field 01356 a2200241 4500
005 - DATE AND TIME OF LATEST TRANSACTION
control field 20080918143013.0
008 - FIXED-LENGTH DATA ELEMENTS--GENERAL INFORMATION
fixed length control field 080918t xxu||||| |||| 00| 0 hin d
010 ## - LCCN (DPL NO)
LC control number HIN-81084
020 ## - INTERNATIONAL STANDARD BOOK NUMBER
Terms of availability 150.00
International Standard Book Number 8171245366
035 ## - SYSTEM CONTROL NUMBER
System control number HN-53430
037 ## - SOURCE OF ACQUISITION
Source of stock number/acquisition पु.प्र.अ.प्र/प्रका
082 ## - DEWEY DECIMAL CLASSIFICATION NUMBER
Classification number 821
245 ## - TITLE STATEMENT
Title अर्थवेद का काव्यःअर्थवेद के चुने हुए सूक्तों का अनुवाद
Statement of responsibility, etc अनुवादक राधावल्लभ त्रिपाठी
246 ## - VARYING FORM OF TITLE
Title proper/short title Atharvaveda ka kavya
Remainder of title Tran by Radhavallabh Tripathi
260 ## - PUBLICATION, DISTRIBUTION, ETC. (IMPRINT)
Place of publication, distribution, etc वाराणसी
Name of publisher, distributor, etc विश्वविद्यालय प्रकाशन
Date of publication, distribution, etc 2007
270 ## - ADDRESS
Address पो.बाँ 1149, विशालाक्षी भवन, चौक
City वाराणसी
Postal code 221001
Telephone number 0542 2413741, 2413082
Electronic mail address vvp@vsnl.com
300 ## - PHYSICAL DESCRIPTION
Extent 134पृ
Dimensions 22 सेमी (सजिल्द)
650 ## - SUBJECT ADDED ENTRY--TOPICAL TERM
Topical term or geographic name as entry element हिन्दी कविताएँ
650 ## - SUBJECT ADDED ENTRY--TOPICAL TERM
Topical term or geographic name as entry element Hindi Pomes
700 ## - ADDED ENTRY--PERSONAL NAME
Personal name त्रिपाठी, राधावल्लभ
942 ## - ADDED ENTRY ELEMENTS (KOHA)
Institution code [OBSOLETE] dpl
Item type Hindi Books
Call number prefix 821 / अर्थवे
Source of classification or shelving scheme Dewey Decimal Classification
Classification part 821
Call number suffix अर्थवे
Holdings
Withdrawn status Lost status Source of classification or shelving scheme Damaged status Not for loan Home library Current library Date acquired Cost, normal purchase price Total Checkouts Full call number Barcode Date last seen Copy number Cost, replacement price Koha item type
    Dewey Decimal Classification     D.B.Act.Division D.B.Act.Division 18/09/2008 150.00   821 अर्थवे HN-53430 15/09/2008 1 150.00 Hindi Books

© Delhi Public Library
Hit Counter
free hit counter